000 00717cam a2200277 4500
008 090401t1994 xxu||||| |||| 00| 0 eng d
020 _a0419191801
035 _a(Sirsi) u25071
041 _aeng
050 _a333.336
100 _aAdams, D.
245 _aLand for industrial development.
260 _aLondon
_bE & F N Spon
_c1994
300 _aix,289p. : ill. ; 24cm.
350 _a31.88
650 _aINDUSTRIAL DEVELOPMENT
650 _aINDUSTRIAL LAND
650 _aINDUSTRIAL PROPERTY
650 _aLAND MARKETS
650 _aLand use
_96251
690 _aPROPERTY-PROPERTY DEVELOPMENT
700 _aRussell, Lynne
700 _aTaylor-Russell, Clare
942 _n0
948 _c04/03/1997
999 _c88671
_d88671